Elementos de psicopatologia (Registo nº 198929)

Detalhes MARC
000 -Etiqueta do registo
Valores 00739nam 22002173 4500
021 ## - Número do Depósito Legal
Código do país Portugal
Número 17053/87
100 ## - Dados gerais de processamento
Dados gerais 20251110d u||y0pory50 ba
200 ## - Titulo e menção de responsabilidade
Título próprio Elementos de psicopatologia
Primeira menção de responsabilidade J. Schneeberger de Athayd
Outras menções de responsabilidade esquemas, quadros e tabelas feitos por Maria Arlete da Silva
205 ## - Menção da edição
Edição
210 ## - Publicação
Local de publicação Lisboa
Nome do editor Fundação Calouste Gulbenkian
Data de publicação 1987
215 ## - Descrição física 
Paginação / Volumes 436, [2] p.
Outras indicações físicas il. ; brochado
Dimensões 24 cm
225 ## - Colecção 
Título próprio da colecção Manuais universitários
606 ## - Nome comum usado como assunto
ID Autoridade 14836
Palavra de ordem Ciências médicas
Subdivisão assunto Patologia. Medicina clínica
675 ## - CDU
Notação 616
Edição PT
Língua por
700 ## - Autor principal (pessoa individual)
ID Autoridade 14838
Apelido Athayde
Nome J. Schneeberger de
Datas 1917-
702 ## - Autor secundário (pessoa individual)
ID Autoridade 14839
Apelido Silva
Nome Maria Arlete da
801 ## - Fonte de origem
País PT
Agência BMMN
Regras de catalogação RPC
830 ## - Notas gerais do catalogador
Criado por Vanda
990 ## - Elementos KOHA
Tipo de documento Livro
Exemplares
Situação do levantamento Biblioteca de origem Código de barras Cota Permissão de empréstimo Tipo de documento Forma de aquisição
  Biblioteca Municipal de Montemor-o-Novo 27545 616 ATH|DEP   Livro Compra

Powered by Koha